| 000 | 00428nam a2200169Ia 4500 | ||
|---|---|---|---|
| 005 | 20140403085539.0 | ||
| 008 | 140130s9999 xx 000 0 und d | ||
| 050 |
_aPZ 7 _b.St857Dc 2009 |
||
| 245 |
_cStilton, Geronimo _aThea stilton and the dragon's code |
||
| 260 |
_bScholastic, _c2005 |
||
| 300 |
_a158 p. : _bcol. ill. ; _c20 cm. |
||
| 440 | _v1 | ||
| 521 | _aG4 | ||
| 526 | _c640 | ||
| 942 |
_cBK _2lcc |
||
| 999 |
_c40848 _d40848 |
||